|
|
|
|
| LEADER |
00000cam a2200000 a 4500 |
| 001 |
vtls008850727 |
| 003 |
SK-MaSNL |
| 005 |
20260301044730.0 |
| 008 |
251124s2006 xr ab g 001 0 cze |
| 020 |
|
|
|a 8086493210
|q (brož.)
|
| 040 |
|
|
|a SNK
|b slo
|c SNK
|e AACR2
|
| 041 |
0 |
|
|a cze
|
| 043 |
|
|
|a s------
|
| 044 |
|
|
|a xr
|c CZ
|
| 072 |
|
7 |
|a 94(8)
|x Dejiny Južnej Ameriky. Latinská Amerika
|2 konspekt
|
| 080 |
|
|
|a 94(=873.122)
|2 2001
|
| 080 |
|
|
|a 930.85
|2 2001
|
| 080 |
|
|
|a (8)
|2 2001
|
| 080 |
|
|
|a (048.8)
|2 2001
|
| 100 |
1 |
|
|a Křížová, Markéta,
|d 1974-
|4 aut
|9 94206
|
| 245 |
1 |
0 |
|a Inkové
|b nejmocnější indiánský stát
|c Markéta Křížová
|
| 250 |
|
|
|a 1. vyd.
|
| 260 |
|
|
|a Praha
|b Aleš Škřivan ml.
|c 2006
|
| 300 |
|
|
|a 139 s.
|b ilustr., mp.
|c 17 cm
|
| 490 |
1 |
|
|a Karavela
|v č. sv. 2
|
| 504 |
|
|
|a Bibliogr. pozn. Chronologický prehľad. Men. reg.
|
| 650 |
0 |
7 |
|a Inkovia
|x dejiny
|2 SNKPH
|9 16498
|
| 650 |
0 |
7 |
|a kultúrne dejiny
|z Južná Amerika
|2 SNKPH
|9 351655
|
| 651 |
|
7 |
|a Južná Amerika
|2 SNKPH
|9 29889
|
| 655 |
|
7 |
|a prehľady
|2 SNKPH
|9 70194
|
| 830 |
|
0 |
|a Karavela
|9 351656
|
| 919 |
|
|
|a 80-86493-21-0
|
| 999 |
|
|
|c 596647
|d 598577
|
| 952 |
|
|
|t snkKRI 94(=873.122)
|a SNKUST
|b SNKUST
|y PREZ
|7 0
|p 17A0531074
|o snkID 97727
|i snk2006/25417
|8 4
|g 4.51
|0 0
|1 0
|4 0
|d 2006-11-13
|l 0
|r 2025-04-29 00:00:00
|w 2026-02-23
|